La Disciplina del Servicio Cm̤o desarrollar una nueva cultura orientada al cliente y enfocada en la persona /

Detalles Bibliográficos
Autor principal: Lescano Duncan, Lucio
Formato: eBook
Lenguaje:español
Publicado: Bogot:̀ Ediciones de la U, 2014
Materias:
Acceso en línea:Acceso restringido

MARC

LEADER 00000nam a22000007a 4500
005 20181031115654.0
007 cr|||| ||||
008 181031s2014 co |||||s|||| 00||0 spa d
020 |a 978-958-762-212-6 
035 |a 22128 
040 |a vLex 
090 |c 8247  |d 8247 
100 1 |a Lescano Duncan, Lucio 
245 1 2 |a La Disciplina del Servicio  |h [Recurso electrn̤ico] :  |b Cm̤o desarrollar una nueva cultura orientada al cliente y enfocada en la persona /  |c Lucio Lescano Duncan 
256 |a Servicio en ln̕ea 
260 |a Bogot:̀  |b Ediciones de la U,  |c 2014 
300 |a 1 recurso electrn̤ico 
506 1 |a Disponible solo en los productos indicados  |d vLex Global  |d vLex Global (Academic Edition, excluding Law Schools)  |d vLex Global (U.S. Academic Edition, Law Schools)  |d vLex Global (U.S. Academic Edition, excluding Law Schools)  |d vLex Global (Academic Edition, Law Schools) 
650 0 4 |a Economa̕ y negocios  |z Colombia 
650 0 4 |a Marketing  |z Colombia 
740 0 |a vLex Libros (Servicio en ln̕ea) 
856 4 0 |u http://vlex.com/source/disciplina-del-servicio-como-desarrollar-una-nueva-cultura-orientada-al-cliente-y-enfocada-en-la-persona-22128  |z Acceso restringido 
942 |c BOOK 
999 0 |a Economy and business 
999 0 |a Marketing